000 00291nam a22001337a 4500
008 180227b xxu||||| |||| 00| 0 eng d
020 _a9780691143286
041 _aeng
080 _a32
100 _a19
101 _aPOL
245 _aRevenge of the blogs
_cSunstein,C.R
942 _2udc
_cBK
999 _c43530
_d43530